| 000 | 01435aam a2200301 i 4500 | ||
|---|---|---|---|
| 001 | 768714001 | ||
| 003 | CO-MdFUSB | ||
| 005 | 20240531062737.0 | ||
| 007 | ta | ||
| 008 | 211123t1981 -us |||| |||| 00| 0 spa d | ||
| 020 | _a0311150403 | ||
| 040 |
_bspa. _aCO-MdFUSB _cCO-MdFUSB _dCO-MdFUSBC _erda |
||
| 041 | _aspa | ||
| 082 | 0 | 4 |
_a270 _223 _bD324h |
| 100 | 1 |
_aDeiros, Pablo A. (Alberto) (1945-) _eautor |
|
| 245 | 1 | 0 |
_aHistoria del cristianismo : _bCon énfasis sobre los evangélicos en América Latina _c/ Pablo A. Deiros |
| 264 | 1 |
_aBuenos Aires, Argentina : _bCasa Bautista de Publicaciones, _c[1981] |
|
| 264 | 4 | _c© 1981 | |
| 300 |
_a289 Páginas _c; 28 cm |
||
| 336 |
_atexto _btxt _2rdacontent |
||
| 337 |
_2rdamedia _asin mediación _bn |
||
| 338 |
_2rdacarrier _avolumen _bnc |
||
| 505 | _aLa conquista del Imperio Romano (29-500) -- El cristianismo más allá del imperio -- Los problemas del cristianismo primitivo -- El gran retroceso (500-950) -- Resurgimiento y progreso (500-950) -- Decadencia y vitalidad (1350-1500) -- La reforma protestante -- La reforma católica -- Desarrollo del cristianismo protestante -- El movimiento misionero protestante -- El cristianismo protestante en América Latina: antecedentes y establecimiento -- El cristianismo protestante en América Latina: desarrollo de la situación actual | ||
| 563 | _aRústico | ||
| 650 | 7 |
_aCristianismo _2 _922 |
|
| 942 | _cBK | ||
| 945 | _aJTF-925 | ||
| 999 |
_c38461 _d38461 |
||